Catalog

Record Details

Catalog Search



Lego tips, tricks and building techniques : the big unofficial lego builders book  Cover Image Book Book

Lego tips, tricks and building techniques : the big unofficial lego builders book / Joachim Klang ; Tim Bischoff ; Philipp Honvehlmann.

Klang, Joachim, (author.). Bischoff, Tim, (author.). Honvehlmann, Philipp, (author.).

Summary:

This "volume of the...Lego builders' books series addresses beginners as well as skilled builders who want to improve their building techniques and create individual and lifelike buildings, vehicles and all kinds of other fancy designs. Step-by-step instructions help the reader to come up with their own personal Lego masterpiece. The authors clearly demonstrate how to build 'around the corner' or put Lego bricks together so no studs can be seen from the outside. Furthermore cobblestone pavement or various buildings consisting of skeleton framing elements can be created. Plenty of new modules can be created when people start using the bricks for purposes other than intended."-- Amazon.com

Record details

  • ISBN: 9783958431348
  • ISBN: 3958431348
  • Physical Description: 399 pages : color illustrations ; 26 cm
  • Publisher: Königswinter, Germany : HEEL, ©2015
Subject: LEGO toys.

LDR 01835cam a2200313Ii 4500
001140999
003CONS
00520160729123240.0
008150520s2015 gw a 000 0 eng d
020 . ‡a9783958431348
020 . ‡a3958431348
035 . ‡a(CPomAG)LMN594083
08204. ‡a688.7/25 ‡223
1001 . ‡aKlang, Joachim, ‡eauthor.
24500. ‡aLego tips, tricks and building techniques : ‡bthe big unofficial lego builders book / ‡cJoachim Klang ; Tim Bischoff ; Philipp Honvehlmann.
24630. ‡aBig unofficial lego builders book
264 1. ‡aKönigswinter, Germany : ‡bHEEL, ‡c©2015
300 . ‡a399 pages : ‡bcolor illustrations ; ‡c26 cm
336 . ‡atext ‡btxt ‡2rdacontent
336 . ‡astill image ‡bsti ‡2rdacontent
337 . ‡aunmediated ‡bn ‡2rdamedia
338 . ‡avolume ‡bnc ‡2rdacarrier
520 . ‡aThis "volume of the...Lego builders' books series addresses beginners as well as skilled builders who want to improve their building techniques and create individual and lifelike buildings, vehicles and all kinds of other fancy designs. Step-by-step instructions help the reader to come up with their own personal Lego masterpiece. The authors clearly demonstrate how to build 'around the corner' or put Lego bricks together so no studs can be seen from the outside. Furthermore cobblestone pavement or various buildings consisting of skeleton framing elements can be created. Plenty of new modules can be created when people start using the bricks for purposes other than intended."-- ‡cAmazon.com
650 0. ‡aLEGO toys.
7001 . ‡aBischoff, Tim, ‡eauthor.
7001 . ‡aHonvehlmann, Philipp, ‡eauthor.
914 . ‡aSCP_jd ‡dLMN_cm
959 . ‡i32269000980386 ‡lJ688.7 Kla ‡aJuvenile - NonFiction ‡tJuv Nonfiction ‡g40.00
852 . ‡p32269000980386 ‡jJ688.7 Kla ‡gJuvenile - NonFiction ‡cJuv Nonfiction ‡y40.00 ‡bSBPL
901 . ‡a140999 ‡bUnknown ‡c140999 ‡tbiblio

Additional Resources